000 00553nam a2200205 a 4500
999 _c6989
_d6989
001 6989
003 BD-JhCC
005 20180222171449.0
008 180203s1965 usa |||| |||| 000 0 eng d
035 _a(BD-JhCC)
040 _aBD-JhCC
_dBD-JhCC
041 _aeng
082 _a909.006
_bLOT 1965
100 _aLot, Ferdinand
245 _aThe End of The Angient World and the Beginnings of The Middle Ages /
_cFerdinand Lot
260 _aNew York:
_bHarrer & Row, Publishers;
_c1965
300 _a373 p;,
_c22 cm
650 _aEurope
942 _2ddc
_cBK